000 00959cam a22002171 4500
001 ca 11002945
003 DLC
005 20260227111057.0
008 820211s1902 hu c 000 0 hun
010 _aca 11002945
035 _a(OCoLC)8149664
040 _aDLC
_cCU-S
_dDLC
042 _apremarc
050 0 0 _aPR2795.H8
_bV6
100 1 _aShakespeare, William,
_d1564-1616.
240 1 0 _aWorks.
_lHungarian.
245 0 0 _aÖsszes szinművei; először kiadta a Kisfaludy-társaság.
_cForditották Arany János, Arany László, Ács Zsigmond. Fejes István, Greguss Ág̀ost, Győry Vilmos, Lévay József, Lőrinczi Lehr Zsigmond, Petőfi Sándor, Rákosi Jenő, Szász Károly, Szigligeti Ede, Vörösmarty Mihály. Javitott kiadás, sajtó alá rendezte, az életrajzot és tanulmányokat irta dr. Voinovich Géza.
260 _aBudapest,
_bFranklin-Társulat,
_c1902.
300 _a6 v.
_bfront. (port.)
_c20 cm.
700 1 _aVoinovich, Géza,
_eed.
999 _c14585
_d14585